000 00656nam a2200217 a 4500
999 _c11516
_d11516
003 BD-JhCC
005 20191024094029.0
008 170204s1958 enk j 000 1 eng d
035 _a(BD-JhCC)
040 _aEQO
_cEQO
_dBD-JhCC
082 _a823.912
_bSMI 1958
100 1 _aSmith, C. Fox
_q(Cicely Fox),
_d1882-1954.
245 1 4 _aThe ship aground :
_ba tale of adventure /
_cC. Fox Smith Illustrated by C. Walter Hodges
260 _aLondon :
_c1958.
_bOxford University press,
300 _a221 p. :
_g19 cm.
610 _2Sea stories
610 _2Adventure stories
650 _2Sea stories
700 _4Hodges, C. Walter
942 _2ddc
_cBK